Lenin in profile World writers and artists on Lenin

সংরক্ষণ করুন:
গ্রন্থ-পঞ্জীর বিবরন
বিন্যাস: গ্রন্থ
ভাষা:English
প্রকাশিত: Moscow Progress Pub. 1975
বিষয়গুলি:
ট্যাগগুলো: ট্যাগ যুক্ত করুন
কোনো ট্যাগ নেই, প্রথমজন হিসাবে ট্যাগ করুন!
Thư viện lưu trữ: Trung tâm Học liệu Lê Vũ Hùng, Trường Đại học Đồng Tháp
LEADER 00607pam a22002058a 4500
001 00024389
005 20171026081023.0
008 110718s1975 ||||||engsd
041 0 # |a eng 
082 1 4 |a 891.7  |b L200N 
245 0 0 |a Lenin in profile  |b World writers and artists on Lenin 
260 # # |a Moscow  |b Progress Pub.  |c 1975 
300 # # |a 442 p.  |c 25 cm. 
650 # 4 |a Liên Xô 
650 # 4 |a Văn học 
650 # 4 |a Lênin 
852 # # |j KD.0008970 
852 # # |b Kho đọc  |j KD.0008970 
910 0 # |a Ntuyet  |d 18/07/2011 
980 # # |a Trung tâm Học liệu Lê Vũ Hùng, Trường Đại học Đồng Tháp